00492nam a2200193Ia 4500008004100000041001200041082001200053100003900065245003000104260003400134300000800168365000800176520001400184546001200198630003000210650001400240655001400254730003000268101110s9999 xx 000 0 und d aENGLISH bSR34635 aKulkarani A.G., Sathe S.P. & other aInorganic chemistry TYBSC c2010bSheth pulishers, Mumbai a360 b140 aChemistry aENGLISH aInorganic chemistry TYBSC aChemistry aChemistry aInorganic chemistry TYBSC